[Event "WJCC U20 Juniors 2017"]
[Site "?"]
[Date "2017.11.22"]
[Round "7.1"]
[White "Liang, Awonder"]
[Black "Tari, Aryan"]
[Result "1/2-1/2"]
[WhiteElo "2558"]
[BlackElo "2581"]
[Annotator "TA"]
[PlyCount "78"]
[EventType "swiss"]
[EventCountry "ITA"]
[SourceTitle "Tarvisio"]

{[%evp 25,78,22,14,0,0,-14,-14,-18,-18,-30,-29,-28,-28,-28,-10,-13,-25,-41,-35,-39,-17,-28,-43,-56,0,0,0,0,0,0,0,-16,-19,-32,-30,-93,-97,-104,-69,-52,-11,-7,0,-53,-55,-35,-26,-32,0,0,0,-24,0,0,0]} 1. e4 e5 2. Nf3 Nc6 3. Bb5 a6 4. Ba4 Nf6 5. O-O Be7 6. Re1 b5 7. Bb3 d6 8. c3 O-O 9. h3 Bb7 10. d4 Nd7 {C92: Closed Ruy Lopez: 9...Be6, Karpov and Flohr-Zaitsev Variations} (10... Re8 11. Nbd2 exd4 12. cxd4 Nd7 13. Nf1 Na5 14. Bc2 Bf6 15. Bf4 Nf8 16. Ng3 Ne6 17. Bc1 g6 18. Rb1 c5 19. d5 {1-0 (38) Short,N (2698)-Kovalev,V (2636) Heraklio 2017}) 11. a4 Na5 12. Bc2 c5 13. d5 Qc7 {LiveBook: 8 Games} 14. Nbd2 c4 $1 15. axb5 $146 ({Predecessor:} 15. Nf1 Nc5 16. axb5 axb5 17. Be3 Nab3 {½-½ (42) Vera Siguenas,D (2499)-Blagojevic,D (2482) Baku 2016}) 15... axb5 16. Nb1 Nc5 17. Na3 Ba6 18. Be3 Rfb8 19. Ra2 b4 20. cxb4 Rxb4 21. Bd2 Rbb8 22. Bc3 Nd3 23. Bxd3 cxd3 24. Nb1 Bc4 ({Black should try} 24... Nb3 $15) 25. Ra3 $11 {Threatens to win with Qa4.} Nb3 {[%cal Ba5b3,Bb3c5,Bc5a4,Ba4b6,Bb6c4][%mdl 32]} 26. Rxa8 Rxa8 27. Na3 h6 28. Kh2 Rb8 $36 {[%mdl 2048] White is under pressure.} 29. Nxc4 Qxc4 30. Re3 (30. Nd2 $11 Nxd2 31. Qxd2) 30... Nc5 $17 31. Nd2 Qb5 32. Nf3 f5 33. exf5 Bf6 34. b4 (34. Nd2 $11) 34... Na4 $15 {[%mdl 1024] Black has compensation.} 35. Be1 ({Don't blunder} 35. Qxd3 $2 Qxd3 36. Rxd3 Nxc3 $19) ({Not} 35. Rxd3 $2 Nxc3 36. Rxc3 e4 $19) 35... Nb6 {And now ...Nc4 would win.} 36. Qb3 ({Avoid the trap} 36. Qxd3 $2 Qxd3 37. Rxd3 e4 $19) 36... Nc4 37. Re4 $1 {[%cal Re4c4]} Nb6 38. Re3 Nc4 39. Re4 $1 {[%cal Re4c4]} Nb6 {Precision: White = 54%, Black = 70%.} 1/2-1/2

[Event "WJCC U20 Juniors 2017"]
[Site "?"]
[Date "2017.11.22"]
[Round "7.2"]
[White "Alekseenko, Kirill"]
[Black "Praggnanandhaa R"]
[Result "1/2-1/2"]
[WhiteElo "2563"]
[BlackElo "2509"]
[Annotator "TA"]
[PlyCount "104"]
[EventType "swiss"]
[EventCountry "ITA"]
[SourceTitle "Tarvisio"]

{[%evp 24,104,0,0,0,0,0,0,0,0,22,22,22,20,20,19,47,7,11,21,35,25,40,31,63,49,45,43,72,70,69,71,66,66,82,80,130,131,152,147,116,102,139,24,174,101,131,104,162,33,53,0,-7,0,0,-59,-56,-150,-150,-133,-149,-154,-134,-216,-166,-252,-175,-216,-202,-204,-207,-222,-222,-211,-209,-198,-184,-202,-175,-175,0,-204,0]} 1. e4 e5 2. Nf3 Nc6 3. Bb5 a6 4. Ba4 d6 5. O-O Bd7 6. c3 g6 7. d4 Bg7 8. Re1 b5 9. Bb3 Nf6 10. Nbd2 {C79: Ruy Lopez: Steinitz-type lines with 3...a6 4 Ba4 Nf6 5 0-0 d6} O-O 11. h3 (11. Nf1 h6 12. h3 Re8 13. Ng3 Na5 14. Bc2 c5 15. b3 Rc8 16. d5 Nb7 17. a4 b4 {1-0 (36) Navara,D (2734)-Mamedyarov,S (2747) Huaian 2016}) 11... Re8 12. a4 Na5 13. Bc2 {LiveBook: 3 Games} c5 14. d5 c4 15. b4 cxb3 $1 16. Nxb3 {[#]} bxa4 $146 ({Predecessor:} 16... Nc4 17. Nbd2 Nxd2 18. Bxd2 {½-½ (36) Haubro,M (2366)-Predojevic,B (2640) Norway 2016}) 17. Nxa5 Qxa5 18. Bd2 Qc7 19. Bxa4 Rec8 20. Ra3 Bxa4 21. Qxa4 Nd7 22. Qc2 a5 23. Rea1 Ra6 24. Be3 h5 25. Qe2 Rca8 26. Qb5 Kh7 27. Ng5+ Kg8 28. Ra4 Nf8 29. Nf3 $36 {[%cal Bg5f3,Bf3d2,Bd2c4][%mdl 2080] Keeping Black busy.} f6 30. Rb1 Qf7 31. Nd2 f5 32. Nc4 f4 33. Bd2 ({White must play} 33. Bb6 $16) 33... f3 (33... Nd7 $11 {and Black is okay.}) 34. g3 (34. Nb6 $18 R8a7 35. Be3) 34... Nd7 $16 35. Be3 ({Don't play} 35. Rxa5 $6 Rxa5 36. Nxa5 Nc5 $14) 35... Kh7 (35... g5 $16) 36. Kh2 (36. Rba1 $1 $18) 36... Bh6 $1 $14 {[%cal Rh6e3]} 37. Re1 (37. Bb6 $1 $14) 37... Bxe3 $11 38. Rxe3 g5 {[%cal Bg6g5,Bg5g4][%mdl 32]} 39. Qb7 (39. Ra2 $11) 39... R8a7 40. Qc8 {[#]} ({Wrong is} 40. Nxd6 $2 Qg6 $19) (40. Qb5 $15) 40... g4 $1 $17 41. Re1 {[#]} Qg8 $1 {[%cal Rg8c8]} 42. Qxg8+ Kxg8 43. Raa1 (43. Ra2 $17 {is a better defense.}) 43... Nc5 44. Rab1 (44. Ne3 $142) 44... a4 {And now ...Nd3 would win.} 45. Rb8+ Kh7 46. Na3 Ra8 47. Rb5 Nd3 48. Rf1 Kg6 49. h4 Rc8 50. c4 Nc5 51. Re1 Nd3 52. Rf1 Nc5 $2 {Precision: White = 56%, Black = 53%.} ({Black should play} 52... Kf6 $19 53. Kg1 Nc5) 1/2-1/2

[Event "WJCC U20 Juniors 2017"]
[Site "?"]
[Date "2017.11.22"]
[Round "7.3"]
[White "Xu, Xiangyu"]
[Black "Dragnev, Valentin"]
[Result "1/2-1/2"]
[WhiteElo "2543"]
[BlackElo "2461"]
[Annotator "TA"]
[PlyCount "60"]
[EventType "swiss"]
[EventCountry "ITA"]
[SourceTitle "Tarvisio"]

{[%evp 15,60,19,15,21,22,8,12,11,11,-9,18,18,18,18,18,18,18,18,18,14,18,17,43,10,15,9,5,2,10,8,10,4,1,0,0,0,0,-6,0,0,0,-12,0,0,0,-19,0]} 1. d4 d5 2. c4 e6 3. Nc3 Nf6 4. Nf3 c5 5. cxd5 Nxd5 6. g3 cxd4 7. Nxd5 Qxd5 8. Qxd4 Qb5 {LiveBook: 26 Partien. D41: Damengambit (Verbesserte Tarrasch-Verteidigung)} 9. e3 (9. Bd2 Nc6 10. Qc3 e5 11. a4 Qd5 12. Bg2 Bb4 13. Qe3 Bxd2+ 14. Qxd2 Be6 15. O-O Qxd2 16. Nxd2 {½-½ (40) Vallejo Pons,F (2716)-Delchev,A (2591) Monzon 2016}) 9... Qb4+ 10. Bd2 Nc6 11. Qxb4 Bxb4 12. O-O-O $146 ({Vorgänger:} 12. Bg2 Bd7 {½-½ (12) Petrosian,T-Tal,M Bled/Zagreb/Belgrade 1959}) 12... Bd7 13. Bxb4 Nxb4 14. Ne5 Rc8+ 15. Kb1 Bc6 16. Nxc6 Nxc6 17. Bg2 Ke7 18. Rc1 Na5 19. b3 Rhd8 {Die Stellung ist ausgeglichen.} 20. Rxc8 Rxc8 $11 {[%mdl 4096] Endspiel KTL-KTS} 21. Rd1 b6 22. Kb2 Rc7 23. Rd2 Nb7 24. Bxb7 Rxb7 {KT-KT} 25. Rd4 Rc7 26. Ra4 Kd6 27. Rd4+ Ke7 28. Ra4 Kd6 29. Rd4+ Ke7 30. Ra4 Kd6 {Precision: Weiß = 63%, Schwarz = 46%.} 1/2-1/2

[Event "WJCC U20 Juniors 2017"]
[Site "?"]
[Date "2017.11.22"]
[Round "7.4"]
[White "Bellahcene, Bilel"]
[Black "Oparin, Grigoriy"]
[Result "0-1"]
[WhiteElo "2510"]
[BlackElo "2606"]
[Annotator "TA"]
[PlyCount "68"]
[EventType "swiss"]
[EventCountry "ITA"]
[SourceTitle "Tarvisio"]

{[%evp 13,68,7,29,0,13,2,25,21,13,8,33,22,30,8,23,-1,0,-26,-25,-22,-18,-20,-20,-25,-25,-25,-22,-26,0,-32,-21,-25,-36,-38,-38,-23,-29,-41,-47,-60,-38,-91,-87,-147,-74,-163,-165,-200,-200,-237,-218,-391,-357,-525,-531,-474,-471]} 1. e4 c5 2. Nf3 Nc6 3. Bb5 g6 4. O-O Bg7 5. c3 Nf6 6. Re1 O-O 7. d4 Qb6 {LiveBook: 16 Games} 8. Ba4 {B31: Sicilian: 2...Nc6 3 Bb5 g6} (8. Bf1 cxd4 9. cxd4 d5 10. e5 Ne4 11. Nc3 Nxc3 12. bxc3 Bf5 13. Nh4 Be6 14. Ba3 Rac8 15. Rb1 Qc7 16. Qd2 Rfd8 17. h3 Na5 18. Bb4 Nc4 19. Bxc4 dxc4 20. Qe3 {½-½ (20) Ilincic,Z (2405)-Varga,Z (2445) Kecskemet 2016}) 8... cxd4 9. cxd4 d5 10. e5 {White has an edge.} Ne4 11. Nc3 Rd8 $146 ({Predecessor:} 11... Nxc3 12. bxc3 Bg4 13. h3 Bxf3 14. Qxf3 Nxd4 15. Qxd5 {0-1 (93) Thierry,P (2155)-Abolianin,A (2275) Cappelle-la-Grande 1995}) 12. Bb3 Be6 13. Be3 Na5 (13... Rac8 {is interesting.} 14. Ne2 Na5 15. Nf4 a6 16. Nxe6 Qxe6 17. Bc2 f6) 14. Ng5 (14. Bc2 {with more complications.} Nxc3 15. bxc3 Rf8 16. Rb1 Qc7 17. Bd2) 14... Nxb3 15. Nxe6 (15. axb3 {feels hotter.} Nxc3 16. bxc3 Bf5 17. Rc1 Rac8 18. h3) 15... Nxa1 16. Nxd8 Nxc3 17. bxc3 Rxd8 18. Qxa1 Rc8 19. Rb1 Qa6 20. a4 f6 21. Qb2 (21. exf6 {seems wilder.} Bxf6 22. a5 Kf7 23. Qa2 Rc4 24. Qb3) 21... fxe5 22. dxe5 Bxe5 {...b6 is the strong threat.} 23. Qxb7 Qxb7 24. Rxb7 $15 {[%mdl 4096] Endgame KRB-KRB} Kf7 25. Rxa7 Rxc3 26. Kf1 d4 27. Bd2 (27. Bg5 $15 Bd6 28. Ke2) 27... Rc2 $17 28. Ke1 (28. Bb4 $142) 28... d3 ({Black should try} 28... Ra2 29. Bb4 Bf6) 29. Rb7 {[#]} (29. Rd7 $17 {was necessary.}) 29... Ra2 $1 $19 {[%cal Ra2a1] ( -> ...Ra1+)} ({But not} 29... Bxh2 $6 30. Rb3 $11) 30. Rb1 Rxa4 31. g3 Bd4 32. Kf1 $2 (32. Be3 Bxe3 33. fxe3) 32... Ra2 33. Rd1 (33. Ke1 {was the only defense.}) 33... e5 34. Be1 Ra3 {Precision: White = 28%, Black = 63%.} ({Not} 34... e4 35. h3 $19) 0-1

[Event "WJCC U20 Juniors 2017"]
[Site "?"]
[Date "2017.11.23"]
[Round "7.5"]
[White "Gholami, Aryan"]
[Black "Karthikeyan, Murali"]
[Result "1/2-1/2"]
[WhiteElo "2483"]
[BlackElo "2578"]
[Annotator "TA"]
[PlyCount "119"]
[EventType "swiss"]
[EventCountry "ITA"]
[SourceTitle "Tarvisio"]

{[%evp 17,119,18,17,8,10,12,41,38,33,0,1,0,12,7,27,5,41,21,28,34,31,31,20,0,19,9,16,-8,-5,-12,-15,-8,-12,-30,-11,-65,-66,-191,-201,-200,-216,-207,-195,-185,-79,-77,-76,-73,-76,-173,-169,-176,-179,-214,-208,-187,-182,-187,-124,-146,-58,-58,-58,-102,-97,-106,-106,-106,-79,-79,-79,-79,-79,-102,-79,-102,-102,-102,-102,-102,-102,-102,-102,-102,-83,-83,-80,-83,-83,-83,-83,-83,-81,-88,-8,-41,-8,-8,-8,-8,-3,-8,-8,-8]} 1. Nf3 Nf6 2. g3 g6 3. b3 Bg7 4. Bb2 b6 5. Bg2 Bb7 6. c4 O-O 7. O-O c5 8. d4 cxd4 9. Qxd4 Nc6 {LiveBook: 23 Games} 10. Qc3 {A30: Symmetrical English: Double Fianchetto and Hedgehog} Rc8 11. Rd1 d6 $146 ({Predecessor:} 11... Qc7 12. Qe1 Qb8 13. Nc3 Rfd8 14. Rac1 e6 15. Ng5 h6 16. Nge4 Nxe4 17. Bxe4 Ne7 {1-0 (88) Aronian,L (2780)-Vachier Lagrave,M (2783) Leuven 2017}) 12. Qe1 {White is slightly better.} a6 13. e4 b5 14. Na3 Qb6 15. Qe2 b4 16. Nc2 Nd7 17. Bxg7 Kxg7 18. Ne3 Nde5 19. Nd5 Qc5 20. Qb2 Kg8 21. h4 Rce8 22. h5 Nxf3+ 23. Bxf3 Ne5 24. Bg2 gxh5 {[%cal Bg6h5,Bh5h4,Bh4g3,Bg3f2][%mdl 32]} 25. Qd2 Kh8 26. Nxb4 (26. Qxb4 $11 Qxb4 27. Nxb4) 26... h4 $36 {[%mdl 2048] White must now prevent ...hxg3. Black has good play.} 27. Qc3 (27. Nd3 $15 Nxd3 28. Qxd3) 27... hxg3 $19 28. Nd3 gxf2+ 29. Kf1 Qe3 30. Rac1 f6 (30... Qg5 $19 {and Black stays clearly on top.} 31. Nxe5 dxe5) 31. Nxe5 $17 Qxc3 32. Rxc3 fxe5 33. c5 (33. Rd2 $17) 33... a5 34. Bf3 Rc8 35. Rdc1 Rxc5 36. Rxc5 dxc5 $19 {[%mdl 4096] Endgame KRB-KRB} ({Inferior is} 36... Rxf3 37. Rxa5 Bxe4 38. Ke2 $11) 37. Be2 Bxe4 ({Better is} 37... h5 $19 38. Rxc5 h4) 38. Rxc5 $17 Bf5 ({Black should try} 38... Rf5 $17 39. Rxa5 h5) 39. Kxf2 $15 Bb1+ 40. Ke3 Bxa2 41. Rb5 Ra8 42. Bd3 a4 43. bxa4 Rxa4 44. Rb7 e6 $1 45. Rxh7+ Kg8 {Threatens to win with ...Ra3.} 46. Rc7 Bd5 47. Kd2 Ra3 48. Bc2 Kf8 49. Bd3 Bf3 50. Bg6 e4 {And now ...e3+ would win.} 51. Rc3 Ra2+ 52. Rc2 {[#]} Ra4 $1 {aiming for ...Ke7.} 53. Rc7 {[#]} e5 $1 {...Ra2+ is the strong threat.} 54. Rf7+ Kg8 55. Re7 Rd4+ (55... Ra5 $17) 56. Kc3 $11 Rd6 57. Bf5 {The position is equal.} Rd3+ 58. Kc4 Rd4+ 59. Kc3 Kf8 60. Rxe5 {Precision: White = 54%, Black = 60%.} 1/2-1/2

[Event "WJCC U20 Juniors 2017"]
[Site "?"]
[Date "2017.11.23"]
[Round "7.6"]
[White "Aravindh, Chithambaram VR"]
[Black "Liu, Yan"]
[Result "1/2-1/2"]
[WhiteElo "2572"]
[BlackElo "2422"]
[Annotator "TA"]
[PlyCount "138"]
[EventType "swiss"]
[EventCountry "ITA"]
[SourceTitle "Tarvisio"]

{[%evp 17,138,65,76,61,71,62,52,47,61,53,53,44,48,48,49,50,106,42,59,56,64,62,64,51,52,52,54,-12,-16,0,0,0,0,0,79,0,62,0,79,45,40,42,79,24,79,0,78,0,79,0,79,79,79,50,79,79,79,10,67,24,71,8,71,0,71,35,79,79,79,62,79,79,79,79,79,79,79,79,79,79,79,39,79,13,79,68,79,56,73,46,53,53,59,64,79,26,28,22,79,79,79,79,79,79,79,79,79,79,79,79,79,79,79,79,79,79,79,79,79,0,79,0,53]} 1. d4 Nf6 2. c4 e6 3. Nc3 Bb4 4. f3 c5 5. d5 d6 6. e4 Bxc3+ 7. bxc3 e5 8. Bd3 Nbd7 9. Ne2 Nf8 {[%cal Bd7f8,Bf8g6,Bg6h4][%mdl 32] LiveBook: 28 Partien} 10. Be3 {E20: Nimzoindisch (Seltene Züge)} (10. g4 Ng6 11. Ng3 h5 12. g5 Ng8 13. Nf5 Kf8 14. h4 N8e7 15. Ng3 Qa5 16. Ne2 Bd7 17. Be3 Ke8 {½-½ (67) Atalik,S (2562)-Barus,C (2392) Jakarta 2014}) 10... Ng6 11. Qd2 Nh5 $146 ({Vorgänger:} 11... h5 12. h4 Bd7 13. a4 a5 14. Qb2 b6 15. Bc2 Rb8 16. g3 Qe7 17. Bg5 Kd8 {1-0 (75) Bozinovic,B (2174)-Kirbis,M (1966) Pula 2017}) 12. Bg5 {Weiß steht etwas besser.} f6 13. Be3 Nh4 14. Ng3 Nxg3 $1 15. hxg3 Ng6 16. f4 Kd7 (16... Bg4 $14) 17. a4 (17. Rb1 $16) 17... a5 18. Rb1 Kc7 19. Qb2 Ra6 20. Qb5 b6 21. Be2 Kb7 22. Kd2 (22. f5 $14 Ne7 23. Qb3) 22... Bd7 $11 23. Qb3 Qe8 24. f5 $1 {[%cal Rf5g6]} Ne7 $1 25. Qa3 Qc8 (25... Bxa4 $11 26. g4 Bd7) 26. Bd3 (26. g4 $16) 26... h6 (26... g6 $11) 27. Bc2 (27. g4 $14) 27... Rf8 (27... h5 $11) 28. Qc1 Qe8 29. Qd1 $1 Rg8 30. Kc1 (30. g4 $16) 30... Kc7 {[#]} (30... g6 $1 $11) 31. Kb2 (31. g4 $1 $16) 31... Ra8 (31... g6 $1 $11) 32. Ka3 (32. g4 $16) 32... Rb8 (32... g6 $1 $11) 33. Qd2 (33. g4 $16) 33... Qd8 (33... h5 $11) 34. Qe2 $16 Qe8 35. Qf2 Qd8 36. Rb2 Nc8 37. Rhb1 (37. Rh2 $16) 37... Qf8 (37... h5 $11) 38. Bd1 Be8 39. Rb3 (39. g4 $16) 39... Qe7 (39... h5 $11 {bleibt in der Remisbreite.}) 40. R3b2 Qf8 41. Bf3 Qe7 42. Rh1 Qd7 {[%csl Ge8][%cal Rd7a4] [#]} 43. Bd1 Ne7 44. Bc2 Nc8 45. Rbb1 Qe7 46. Rh4 Qf8 47. Rbh1 Bd7 48. Bd1 Ne7 49. Bh5 Ra8 50. Rb1 ({Besser ist} 50. Bf3 $16) 50... Rb8 (50... g6 $1 $11 51. fxg6 Nxg6) 51. Rhh1 Nc8 52. Rb2 Rb7 53. Rhb1 Rb8 54. Qe2 Be8 55. Bf3 Qe7 56. Qd2 ({Günstiger ist} 56. Rh1 $16) 56... Qd7 $11 {[%csl Ge8][%cal Rd7a4]} 57. Qc2 Qe7 (57... h5 $1 $11 {hält das Gleichgewicht.}) 58. Rh1 $16 Rb7 59. Rbb1 $36 {[%mdl 2048] Weiss ist am Drücker.} Rb8 60. Rh2 Rb7 61. Rbh1 Kb8 62. Bd1 Qd8 63. Qf2 Rf8 64. g4 Ne7 65. Qe1 Ng8 66. Qd2 Ka7 67. Bc2 Rb8 68. Bd1 Rb7 $1 69. Bc2 Rb8 $1 {Precision: Weiß = 44%, Schwarz = 40%.} 1/2-1/2

[Event "WJCC U20 Juniors 2017"]
[Site "?"]
[Date "2017.11.23"]
[Round "7.7"]
[White "Lomasov, Semen"]
[Black "Martirosyan, Haik M"]
[Result "1-0"]
[WhiteElo "2490"]
[BlackElo "2561"]
[Annotator "TA"]
[PlyCount "87"]
[EventType "swiss"]
[EventCountry "ITA"]
[SourceTitle "Tarvisio"]

{[%evp 9,87,0,42,34,45,38,58,24,37,0,0,0,35,29,45,49,57,47,39,35,76,81,87,64,123,125,167,170,204,210,215,210,237,249,235,239,310,302,281,281,289,224,284,249,233,216,237,215,207,206,215,208,210,219,224,207,220,202,326,318,450,447,427,434,419,420,650,647,596,613,720,677,637,630,726,667,3368,2191,12836,12835]} 1. e4 c6 2. d4 d5 3. e5 Bf5 4. h4 a6 (4... h5 5. Bd3 Bxd3 6. Qxd3 e6 7. Bg5 Be7 8. Nf3 Nh6 9. Nc3 Nf5 10. Ne2 c5 11. c3 cxd4 12. Nexd4 Nxd4 13. cxd4 Qa5+ 14. Ke2 Qa6 15. Qxa6 Nxa6 {½-½ (28) Vocaturo,D (2607)-Nisipeanu,L (2672) Heraklio 2017}) 5. Nc3 h6 {LiveBook: 3 Games} 6. g4 {B12: Caro-Kann: Advance Variation} Bd7 7. Be3 e6 8. h5 {White is slightly better.} c5 9. Nge2 $146 ({Predecessor:} 9. dxc5 Qc7 10. f4 Bxc5 11. Bxc5 Qxc5 12. Qd2 {½-½ (120) Muzychuk,A (2555)-Girya,O (2442) Batumi 2016}) 9... Nc6 10. f4 cxd4 11. Nxd4 Nxd4 12. Qxd4 Ne7 13. Qd2 $36 {[%mdl 2048] White fights for an advantage.} Nc6 14. Qf2 Be7 15. Bb6 Qb8 16. O-O-O $1 O-O (16... Bd8 $14) 17. Qd2 $16 Rc8 18. Kb1 $1 d4 19. Ne4 Nb4 20. Qxd4 Ba4 21. b3 Bc6 {[#] Black wants to play ...Nxc2.} 22. c4 $1 a5 23. Rh2 a4 24. a3 Nc2 25. Rxc2 axb3 26. Rcd2 {Nd6 is the strong threat.} Rxa3 27. Nd6 Rf8 28. Qb2 Qa8 {[#] aiming for ...Qa4.} 29. Bc5 $1 Ra6 30. Qxb3 Ba4 31. Qb2 {Strongly threatening Rc1.} Bxd1 32. Rxd1 b6 33. Bg2 ({Don't blunder} 33. Bxb6 $2 Rxb6 34. Qxb6 Rb8 $19) 33... Qb8 (33... Ra1+ $142 34. Qxa1 Qxg2) 34. Bb4 $18 f6 (34... Rd8 $142 35. Rd2 Bh4) 35. Bc6 Qc7 36. Be4 Ra4 37. Qb3 Qa7 (37... Rxb4 $142 38. Qxb4 fxe5 39. fxe5 Bg5) 38. Nb5 {White is clearly winning.} Rxb4 39. Qxb4 (39. Nxa7 $2 {loses.} Rxb3+ 40. Kc2 Re3 $19) 39... Bxb4 40. Nxa7 fxe5 41. fxe5 Rf4 42. Rd8+ Bf8 43. Bg6 Rxc4 44. Nc8 {Precision: White = 83%, Black = 41%.} 1-0

[Event "WJCC U20 Juniors 2017"]
[Site "?"]
[Date "2017.11.22"]
[Round "7.8"]
[White "Gagare, Shardul"]
[Black "Petrosyan, Manuel"]
[Result "1/2-1/2"]
[WhiteElo "2482"]
[BlackElo "2554"]
[Annotator "TA"]
[PlyCount "60"]
[EventType "swiss"]
[EventCountry "ITA"]
[SourceTitle "Tarvisio"]

{[%evp 21,60,0,0,0,0,0,0,0,0,-2,0,-4,0,0,0,0,0,0,7,0,0,0,0,0,0,-90,15,17,16,0,0,0,0,0,0,0,14,17,18,17,48]} 1. d4 Nf6 2. c4 e6 3. Nf3 d5 4. Nc3 Bb4 5. cxd5 exd5 6. Bg5 h6 7. Bh4 Bf5 8. e3 Nbd7 9. Bd3 Bxd3 10. Qxd3 c6 11. O-O O-O {LiveBook: 7 Games} 12. Rab1 $146 {D35: Queen's Gambit Declined: Exchange Variation} ({Predecessor:} 12. a3 Be7 13. b4 a6 14. Rfb1 b5 15. a4 Re8 16. Bxf6 Bxf6 17. a5 Be7 18. Qc2 Bd6 19. Ne2 Rc8 {½-½ (47) Vachier Lagrave,M (2765)-Anand,V (2791) Shamkir 2015}) 12... a5 13. Nd2 Re8 14. Rfe1 Be7 15. f3 b5 {[%cal Bb7b5,Bb5b4][%mdl 32]} 16. a4 b4 17. Ne2 $1 c5 18. b3 $1 Qb6 19. Rbc1 Rac8 20. Bf2 Bd6 21. Rc2 Rc7 22. Rec1 Rec8 23. dxc5 (23. h3 $11) 23... Bxc5 ({Much weaker is} 23... Rxc5 $6 24. Nd4 $11) ({Better is} 23... Nxc5 $17 24. Qb5 {[#]} Nxa4 $1 {[%mdl 512]} 25. Rxc7 Qxb5 26. Rxc8+ Kh7) 24. Nf1 $11 {[%cal Bd2f1,Bf1g3,Bg3e2][%mdl 32] The position is equal.} Bd6 25. Nfg3 g6 26. Nd4 Rxc2 27. Rxc2 Rxc2 28. Qxc2 Qc5 29. Qd2 Be5 30. Nge2 h5 {Precision: White = 77%, Black = 59%.} 1/2-1/2

[Event "WJCC U20 Juniors 2017"]
[Site "?"]
[Date "2017.11.22"]
[Round "7.9"]
[White "Zanan, Evgeny"]
[Black "Shevchenko, Kirill"]
[Result "1/2-1/2"]
[WhiteElo "2471"]
[BlackElo "2550"]
[Annotator "TA"]
[PlyCount "60"]
[EventType "swiss"]
[EventCountry "ITA"]
[SourceTitle "Tarvisio"]

{[%evp 17,60,0,10,0,-4,0,4,2,9,5,20,20,25,23,9,20,13,0,0,0,0,0,0,0,0,0,0,0,0,0,0,0,0,0,0,0,0,0,0,0,0,0,0,0,0]} 1. d4 Nf6 2. c4 e6 3. g3 d5 4. Bg2 Be7 5. Nf3 O-O 6. Qc2 c5 7. dxc5 Qa5+ 8. Nc3 dxc4 {E06: Katalanisch} 9. O-O Qxc5 {LiveBook: 9 Partien} 10. Bg5 Bd7 11. Bxf6 Bxf6 12. Ne4 Qe7 13. Qxc4 Rc8 14. Nxf6+ Qxf6 15. Qd4 Qxd4 16. Nxd4 {Die Stellung ist ausgeglichen.} Nc6 {[#]} 17. Rfd1 $146 ({Vorgänger:} 17. Nb5 Nd8 18. Nd6 Rc2 {½-½ (18) Sumets,A (2577)-Fedorchuk,S (2669) Zug 2013}) 17... Nxd4 18. Rxd4 Rc7 19. Rad1 Be8 20. Be4 Kf8 21. g4 ({Doch nicht} 21. Bxh7 g6 $17) 21... h6 22. f3 Ke7 23. Kf2 Rac8 24. h4 b6 25. Ke3 Rd7 26. Rxd7+ Bxd7 27. Bd3 Rd8 28. Rc1 Rc8 29. Rd1 Rd8 30. Rc1 Rc8 {Precision: Weiß = 77%, Schwarz = 80%.} 1/2-1/2

[Event "WJCC U20 Juniors 2017"]
[Site "?"]
[Date "2017.11.22"]
[Round "7.10"]
[White "Abdumalik, Zhansaya"]
[Black "Khomeriki, Nino"]
[Result "1-0"]
[WhiteElo "2428"]
[BlackElo "2347"]
[Annotator "TA"]
[PlyCount "41"]
[EventType "swiss"]
[EventCountry "ITA"]
[SourceTitle "Tarvisio"]

{[%evp 29,41,-18,-16,-79,101,82,359,368,584,703,663,586,1130,1122]} 1. e4 e5 2. Nf3 Nc6 3. Bb5 a6 4. Ba4 Nf6 5. O-O Nxe4 6. d4 b5 7. Bb3 d5 8. dxe5 Be6 9. c3 Bc5 10. Nbd2 O-O 11. Bc2 Nxf2 12. Rxf2 f6 13. exf6 {C82: Open Ruy Lopez: 9 c3 without 9...Be7} Qxf6 (13... Bxf2+ 14. Kxf2 Qxf6 15. Kg1 Rae8 16. h3 Bxh3 17. Nf1 Ne5 18. N1h2 Qb6+ 19. Nd4 Bg4 20. Nxg4 Nxg4 21. Bg5 h5 22. Qd3 Re4 23. b4 Qd6 24. Qh3 Qe5 25. Bxe4 Qxg5 26. Bh7+ Kh8 27. Ne6 Qf6 28. Bf5 Qxf5 29. Nxf8 {1-0 (29) Amonatov,F (2610)-Hansen,S (2595) Baku 2016}) 14. Nb3 Bxf2+ 15. Kxf2 Ne5 {LiveBook: 7 Games. Strongly threatening ...Rae8.} 16. Kg3 (16. Kg1 $11) 16... g5 $2 {[#]} (16... Rae8 $17 {and life is bright. And now ...Bf5 would win.} 17. h4 Qf7) 17. Qd4 $1 $16 {[%cal Rd4e5] [#]} ({Much worse is} 17. Bxg5 $6 Qg7 $11) 17... h5 $146 {[%mdl 8192]} (17... Qxf3+ $1 $16 {[%mdl 512] might work better.} 18. gxf3 Rxf3+ 19. Kg2 Bh3+ 20. Kh1 Rf1+ 21. Qg1 Rxg1+ 22. Kxg1 Rf8) ({Predecessor:} 17... Nxf3 18. Qxf6 Rxf6 19. gxf3 h6 20. Be3 Raf8 21. Rf1 Bf5 22. Bd1 Kh7 {1-0 (35) Amelang,T (2160)-Dengler,P (2330) Bayern 1993}) 18. Bxg5 $18 h4+ (18... Qg7 {was called for.}) 19. Qxh4 {[%csl Gc2][%cal Rh4h7] White is clearly winning.} Qg7 20. Nbd4 Nxf3 21. gxf3 1-0